LEADER 00864nam0-22003011i-450- 001 990005676010403321 005 20090505144917.0 035 $a000567601 035 $aFED01000567601 035 $a(Aleph)000567601FED01 035 $a000567601 100 $a19990604d1974----km-y0itay50------ba 101 0 $aita 105 $ay-------001yy 200 1 $aFamiglia e scuola nel processo educativo$fdi Riccardo Luccio 210 $aBologna$cIl Mulino$dc1974 215 $a79 p.$d21 cm 225 1 $aQuaderni IARD$v8 610 0 $aRelazioni genitori-scuola 676 $a371.192$v21$zita 700 1$aLuccio,$bRiccardo$0142520 801 0$aIT$bUNINA$gRICA$2UNIMARC 901 $aBK 912 $a990005676010403321 952 $a371.192 LUC 1$bIST.PED. 2087$fFLFBC 959 $aFLFBC 996 $aFamiglia e scuola nel processo educativo$9273473 997 $aUNINA LEADER 00853nam0-22002891i-450 001 990004377700403321 005 20190204154220.0 010 $a84-7727-261-1 035 $a000437770 100 $a20030113d1999----km-y0itay50------ba 101 0 $acat 102 $aES 105 $aa-------001yy 200 1 $a<>art de Ramon Llull i la teoria escolāstica de la cičncia$fJosep Maria Ruiz Simon 210 $aBarcelona$cQuaderns Crema$d1999 215 $a455 p.$cill.$d22 cm 225 1 $aAssaig$v25 610 0 $aLlull, Ramon 676 $a868.1$v22 700 1$aRuiz Simon,$bJosep Maria$0175569 801 0$aIT$bUNINA$gRICA$2UNIMARC 901 $aBK 912 $a990004377700403321 952 $a868.1 RUI 1$bBibl.44573$fFLFBC 959 $aFLFBC 996 $aArt de Ramon Llull i la teoria escolāstica de la cičncia$9542042 997 $aUNINA